00931nam a22002537a 45000010005000000030006000050050017000110080041000280200018000690400029000870820011001161000019001272450131001462500041002772600030003183000045003485050007003935200165004005210019005655210018005846500019006026500019006217000037006405209FISKH20241119100619.0241119b cb ||||| |||| 00| 0 eng d a9780746061961 aFISKHbengcFISKHdFISKH a823.92 aAmery, Heather aThe grumpy goat /cHeather Amery Illustrated by Stephen Cartwright Language consultant : Betty Root Series editor: Jenny Tyler aThis edition first published in 2004 aLondon :bUsborne,c2004. a15 pages :bColor illustrations ;c21 cm aJ  aPoppy and Sam have lots of clever ideas, but they can't coax Gertie out of her pen until Rusty comes to the rescue. But why does Gertie want to stay in her pen?8 a490L bLexile 8 aJ bRaz-Plus  2Farm aFiction 2AnimalsaGoats aCartwright, StephendIllustrator